000 01306 a2200193 4500
001 24909
005 20260407155531.0
008 260407a1972 arg spa d
003 AR-UNSa-BCEJYS
040 _aAR-UNSa-BCEJYS
_bspa
_cAR-UNSa-BCEJYS
080 _a658.012.123
_xModelos de decisión. Diagramas de decisión. Árboles de decisión (Cursogramas)
245 1 0 _aCursogramas administrativos
264 1 _aBuenos Aires :
_bClub de Estudio
_c1972
300 _a90 p.
_c22 cm.
505 _aParte I : Un nuevo método de relevamiento del control interno : 0. Introducción - 1. Control interno - 2. Las etapas en la ponderación del control interno - 3. Métodos convencionales de relevamiento - 4. La aplicación de cursogramas. Su fundamento - 5. Elementos de cursograma - 6. Ventajas y desventajas del cursograma - 7. El cursograma y el equipo de auditores - 8. Utilización pararlelas con otrs métodos. La experiencia práctica - 9. Aspectos generales - 10. Conclusión - 11. Ejemplos de aplicación práctica - Parte II : Cursogramas y análisis de sistemas : 0. Introducción - 1. El diseño de cursograma - 2. Casos prácticos - 3. Otros elementos auxiliares de analista de sistemas - 4. Conclusión.
942 _cBK
590 _aniveau_biblio:m niveau_hierar:0
100 1 _aAlarcon, Ricardo
999 _c1233
_d1233